Rossija. Boľšoj lingvostranovedčeskij slovar 2000 realij istorii, kuľtury, prirody, byta i dr.
Gespeichert in:
| Weitere Verfasser: | |
|---|---|
| Format: | Buch |
| Sprache: | Russisch |
| Veröffentlicht: |
Moskva
AST-PRESS
2009
|
| Ausgabe: | Spravočnoje izdanije |
| Schlagworte: | |
| Tags: |
Keine Tags, Fügen Sie das erste Tag hinzu!
|
MARC
| LEADER | 00000nam a2200000 4500 | ||
|---|---|---|---|
| 001 | 0283807 | ||
| 005 | 20250926084625.3 | ||
| 020 | |a 978-5-462-00590-9 | ||
| 041 | 0 | |a rus | |
| 044 | |a RU | ||
| 245 | 1 | 0 | |a Rossija. Boľšoj lingvostranovedčeskij slovar |b 2000 realij istorii, kuľtury, prirody, byta i dr. |c pod obščej redakcijej professora Ju. E. Prochorova |
| 250 | |a Spravočnoje izdanije | ||
| 264 | 1 | |a Moskva |b AST-PRESS |c 2009 | |
| 300 | |a 725 s. | ||
| 610 | 2 | 0 | |a ruština |
| 610 | 2 | 0 | |a jazyky cudzie |
| 610 | 2 | 0 | |a jazykoveda |
| 610 | 2 | 0 | |a Rusko |
| 610 | 2 | 0 | |a reálie |
| 610 | 2 | 0 | |a história |
| 610 | 2 | 0 | |a kultúra |
| 610 | 2 | 0 | |a príroda |
| 700 | 1 | |a Prochorov, Ju. E. | |